00476nam a2200157Ia 450000500170000000800410001708200130005810000190007124500260009026000360011630000120015250000340016494200060019895200990020499900150030320250318020056.0240331s9999 xx 000 0 und d bKRIa894 aKrishnaraja, S 0aVimarisana muraiyiyal aMadrasbSouth Asian Booksc1992 a86 p ., aA book of Vimarisana Meiyiyal cL 001040708LaWERCLbWERCLcSSCd2024-03-31l0o 894.811 KRIp1534r2024-03-31w2024-03-31yL c4198d4198